[Event "MVP-ch Seniors op 12th"]
[Site "Binz"]
[Date "2012.12.06"]
[Round "9"]
[White "Schwenke, Norbert"]
[Black "Apel, Walter"]
[Result "1-0"]
[WhiteElo "1399"]
[BlackElo "1220"]
[PlyCount "107"]
[EventDate "2012.11.28"]
[EventType "swiss"]
[EventRounds "9"]
[EventCountry "GER"]
[SourceTitle "EXT 2014"]
[Source "ChessBase"]
[SourceDate "2013.11.20"]
[SourceVersion "1"]
[SourceVersionDate "2013.11.20"]
[SourceQuality "1"]

1. Nc3 Nc6 2. d4 d5 3. e4 e6 4. Nf3 Bb4 5. e5 h6 6. Bd2 a6 7. a3 Be7 8. Be3 Bd7 9. Bd3 Bg5 10. Qd2 Be7 11. Ne2 b5 12. b4 Qb8 13. 0-0 a5 14. c3 a4 15. Ng3 Qb7 16. Nh5 Bf8 17. Qc2 0-0-0 18. Rfc1 Be8 19. h3 f5 20. Nf4 Bf7 21. Bxf5 Re8 22. Bg6 Bxg6 23. Qxg6 Re7 24. Nxe6 Nd8 25. Nxf8 c6 26. Qf5+ Kb8 27. Ng6 Rf7 28. Qg4 h5 29. Qg3 Rh7 30. Nfh4 Ne6 31. Bd2 Ne7 32. Rf1 Nf5 33. Nxf5 Rxf5 34. Nh4 Rf8 35. Qg6 Qe7 36. Qxh7 Qxh4 37. Qg6 Qe7 38. Qxh5 g5 39. g3 Rf7 40. Qg4 Rg7 41. Kh2 Kb7 42. Rg1 Kc7 43. Raf1 Kd8 44. Rg2 Qf7 45. Rh1 Ke7 46. Kg1 Qg6 47. Qd1 Qe4 48. h4 g4 49. h5 Qf5 50. h6 Rh7 51. Rgh2 Ng5 52. Bxg5+ Qxg5 53. Rh5 Qg6 54. R1h4 1-0

[Event "MVP-ch Seniors op 12th"]
[Site "Binz"]
[Date "2012.12.04"]
[Round "7"]
[White "Apel, Walter"]
[Black "Holfter, Dietrich"]
[Result "1/2-1/2"]
[WhiteElo "1220"]
[BlackElo "1360"]
[PlyCount "42"]
[EventDate "2012.11.28"]
[EventType "swiss"]
[EventRounds "9"]
[EventCountry "GER"]
[SourceTitle "EXT 2014"]
[Source "ChessBase"]
[SourceDate "2013.11.20"]
[SourceVersion "1"]
[SourceVersionDate "2013.11.20"]
[SourceQuality "1"]

1. c4 Nf6 2. Nc3 g6 3. g3 Bg7 4. Bg2 0-0 5. Nf3 d6 6. 0-0 Nc6 7. h3 Bd7 8. a3 a5 9. d4 e5 10. d5 Ne7 11. Bg5 h6 12. Be3 Nf5 13. Qd3 Nxe3 14. Qxe3 Qc8 15. g4 g5 16. Nd2 Nh7 17. Qd3 f5 18. f3 Nf6 19. e4 f4 20. Kf2 h5 21. Rh1 h4 1/2-1/2

[Event "MVP-ch Seniors op 12th"]
[Site "Binz"]
[Date "2012.11.28"]
[Round "1"]
[White "Apel, Walter"]
[Black "Fleischer, Martin"]
[Result "0-1"]
[WhiteElo "1220"]
[BlackElo "1771"]
[PlyCount "84"]
[EventDate "2012.11.28"]
[EventType "swiss"]
[EventRounds "9"]
[EventCountry "GER"]
[SourceTitle "EXT 2014"]
[Source "ChessBase"]
[SourceDate "2013.11.20"]
[SourceVersion "1"]
[SourceVersionDate "2013.11.20"]
[SourceQuality "1"]

1. c4 e6 2. Nc3 Nf6 3. d4 d5 4. e3 a6 5. Nf3 dxc4 6. Bxc4 b5 7. Bd3 Bb7 8. 0-0 Bd6 9. e4 b4 10. Ne2 Bxe4 11. Bxe4 Nxe4 12. Be3 Nd7 13. Ng3 Nef6 14. h3 Nd5 15. Ne4 Be7 16. Nh2 0-0 17. Qe2 f5 18. Nc5 Nxc5 19. dxc5 Bf6 20. Rad1 Qe7 21. c6 Rfe8 22. Qc2 g6 23. Rfe1 Qg7 24. Qd2 Bxb2 25. Bh6 Qc3 26. Nf3 Qxd2 27. Nxd2 Nc3 28. Nc4 Nxd1 29. Rxd1 Bg7 30. Be3 Rad8 31. Rb1 Bc3 32. a3 f4 33. Bc5 bxa3 34. Nxa3 Rd5 35. Bb4 Bxb4 36. Rxb4 Rc5 37. Nc4 Rxc6 38. Ne5 Rc5 39. Nd7 Rf5 40. Rc4 c5 41. Rxc5 Rxc5 42. Nxc5 a5 0-1

[Event "Mecklenburg VP-ch Seniors op 09th"]
[Site "Binz"]
[Date "2009.12.08"]
[Round "8.62"]
[White "Koehler, Marianne"]
[Black "Apel, Walter"]
[Result "1/2-1/2"]
[WhiteElo "1415"]
[BlackElo "1198"]
[PlyCount "117"]
[EventDate "2009.12.01"]
[EventType "swiss"]
[EventRounds "9"]
[EventCountry "GER"]
[SourceTitle "EXT 2022"]
[Source "ChessBase"]
[SourceDate "2021.10.06"]
[SourceVersion "1"]
[SourceVersionDate "2021.10.06"]
[SourceQuality "1"]

1. e4 e5 2. Nf3 Nf6 3. d3 d6 4. Be2 Be7 5. h3 h6 6. Nbd2 Nbd7 7. Nb3 a6 8. Bd2 b6 9. 0-0 Bb7 10. Nh2 d5 11. exd5 Bxd5 12. Bf3 0-0 13. Bxd5 Nxd5 14. Nf3 Bd6 15. a3 a5 16. c4 N5f6 17. Ne1 a4 18. Nc1 Nh7 19. Ne2 f5 20. Nc3 c6 21. Nxa4 Nc5 22. Nxc5 Bxc5 23. Be3 Qe7 24. b4 Bd4 25. Bxd4 exd4 26. Qb3 Kh8 27. Nf3 Rad8 28. Rae1 Qf6 29. Re2 Ng5 30. Nxg5 Qxg5 31. Rfe1 Kh7 32. a4 Rd6 33. Qd1 Rg6 34. f3 Qd8 35. f4 Rg3 36. Rf2 Qh4 37. Kf1 Re3 38. Rxe3 dxe3 39. Rf3 Re8 40. Qe2 Qe7 41. g3 Qxb4 42. Rxe3 Rxe3 43. Qxe3 c5 44. Ke2 Qxa4 45. g4 fxg4 46. hxg4 Qd7 47. Qe4+ Kg8 48. Kf3 Qf7 49. Qc6 Qf6 50. Qxf6 gxf6 51. Ke4 Kf7 52. Kf5 Kg7 53. Ke4 Kg6 54. f5+ Kg5 55. Kf3 Kh4 56. Kf4 Kh3 57. Kf3 Kh2 58. Kf2 Kh3 59. Kf3 1/2-1/2

[Event "Mecklenburg VP-ch Seniors op 09th"]
[Site "Binz"]
[Date "2009.12.03"]
[Round "3.64"]
[White "Apel, Walter"]
[Black "Hartlaub, Marianne"]
[Result "0-1"]
[WhiteElo "1198"]
[BlackElo "1442"]
[PlyCount "80"]
[EventDate "2009.12.01"]
[EventType "swiss"]
[EventRounds "9"]
[EventCountry "GER"]
[SourceTitle "EXT 2022"]
[Source "ChessBase"]
[SourceDate "2021.10.06"]
[SourceVersion "1"]
[SourceVersionDate "2021.10.06"]
[SourceQuality "1"]

1. c4 d6 2. Nc3 c6 3. e3 e5 4. g3 Nf6 5. Nf3 Be7 6. Be2 0-0 7. 0-0 h6 8. d3 Bg4 9. e4 Nh7 10. Be3 Qd7 11. Nd2 Bxe2 12. Nxe2 Qh3 13. f4 Nd7 14. Rf3 f5 15. Qf1 Qh5 16. Qg2 fxe4 17. Nxe4 d5 18. g4 Qe8 19. cxd5 cxd5 20. N4g3 a6 21. Raf1 Rc8 22. f5 Rc2 23. Bc1 Bg5 24. R3f2 Nhf6 25. Nc3 Rxf2 26. Qxf2 Nxg4 27. Qe2 Ngf6 28. b3 Qe7 29. Bb2 Qc5+ 30. Kh1 d4 31. Nce4 Qd5 32. Qg2 Qb5 33. Qc2 Kh8 34. a4 Qd5 35. Qc4 Bf4 36. Qxd5 Nxd5 37. Bc1 Rc8 38. Bxf4 Nxf4 39. Rd1 Kg8 40. Rd2 Rc1+ 0-1

[Event "Mecklenburg VP-ch Seniors op 09th"]
[Site "Binz"]
[Date "2009.12.01"]
[Round "1.62"]
[White "Apel, Walter"]
[Black "Lotz, Robert"]
[Result "0-1"]
[WhiteElo "1198"]
[BlackElo "1729"]
[PlyCount "78"]
[EventDate "2009.12.01"]
[EventType "swiss"]
[EventRounds "9"]
[EventCountry "GER"]
[SourceTitle "EXT 2022"]
[Source "ChessBase"]
[SourceDate "2021.10.06"]
[SourceVersion "1"]
[SourceVersionDate "2021.10.06"]
[SourceQuality "1"]

1. c4 g6 2. Nc3 Bg7 3. g3 c6 4. Bg2 Nf6 5. Nf3 0-0 6. 0-0 e6 7. e3 d5 8. d3 Re8 9. Qc2 e5 10. b3 Bf5 11. Nh4 Be6 12. Nf3 Bg4 13. Nd2 dxc4 14. bxc4 Na6 15. Rb1 Rb8 16. f3 Be6 17. Rf2 b6 18. e4 Qd7 19. Nb3 Nb4 20. Qd1 Nxd3 21. Rd2 Bxc4 22. Bf1 Rbd8 23. Bxd3 Bxd3 24. Rbb2 Re6 25. h3 Bh6 26. Rf2 Bxc1 27. Qxc1 c5 28. Rbd2 c4 29. Na1 Rd6 30. g4 b5 31. Qb2 a6 32. a3 Qa7 33. Kg2 Qe3 34. Nd1 Qf4 35. h4 Rd4 36. Qb4 Kg7 37. Kh3 Bf1+ 38. Rxf1 Rxd2 39. Nf2 Nxg4 0-1